000 01430nam a2200325 a 4500
001 ebr10438531
003 CaPaEBR
006 m u
007 cr cn|||||||||
008 100317s2010 nyud s 000 0 eng d
010 _z 2010011666
020 _z9781441155436
020 _z9781441127853
020 _z9781441183859 (e-book)
040 _aCaPaEBR
_cCaPaEBR
035 _a(OCoLC)694362339
050 1 4 _aBL60
_b.W365 2010eb
082 0 4 _a306.609182/109051
_222
100 1 _aWarner, Rob.
245 1 0 _aSecularization and its discontents
_h[electronic resource] /
_cRob Warner.
260 _aNew York :
_bContinuum,
_c2010.
300 _a221 p. :
_bill.
505 0 _aClassical secularization theory -- Modified secularization theory -- American rejections of secularization theory -- Is there a spiritual revolution? -- The durability of conservative religion : American and British perspectives -- Resilient religion? : emerging transatlantic and global trends.
533 _aElectronic reproduction.
_bPalo Alto, Calif. :
_cebrary,
_d2011.
_nAvailable via World Wide Web.
_nAccess may be limited to ebrary affiliated libraries.
650 0 _aReligion and sociology.
650 0 _aSecularization.
655 7 _aElectronic books.
_2local
710 2 _aebrary, Inc.
856 4 0 _uhttp://site.ebrary.com/lib/rucke/Doc?id=10438531
_zAn electronic book accessible through the World Wide Web; click to view
999 _c242980
_d242980